000 01041nam a22003257a 4500
003 CHAP
005 20220329140154.0
008 971013s1942 r 00010 d
010 _a48040
011 _a49012
035 _a53160
040 _cCHAP
082 _a636.081
_bV38 1942
100 0 0 _aVaugham, Henry William.
_9118195
245 _aTypes and market classes of livestock
250 _a22 ed.
260 _aColumbus :
_bCollege Book,
_c1942
300 _a608 p.
_b: ilus.
590 _aBATCH-UPD
_b10
_c20130110
_lUCH01
_h1226
590 _aBATCH-UPD
_b10
_c20130410
_lUCH01
_h0759
590 _aBATCH-UPD
_b10
_c20130914
_lUCH01
_h1459
590 _aCONVERSION
_b10
_c20130109
_lUCH01
_h1326
650 1 4 _aGanadería.
_944604
650 1 4 _aGanado
_xSelección.
_944953
901 _aBK
942 _cLIBRO
949 _a636.081 V38 1942
_bBC
_cBPA
_d-118049
_eBPA
_h24220
_i53160
_si
949 _a636.081 V38 1942
_bBC
_cBPA
_d-118051
_eBPA
_fc.2
_h24221
_i53160
_si
949 _a636.081 V38 1942
_bBC
_cBPA
_d-118053
_eBPA
_fc.3
_h24222
_i53160
_si
999 _c48040
_d48040